| 000 | 00918nam a2200253Ia 4500 | ||
|---|---|---|---|
| 003 | OSt | ||
| 005 | 20221005111027.0 | ||
| 006 | a|||||r|||| 00| 0 | ||
| 007 | ta | ||
| 008 | 221004b |||||||| |||| 00| 0 hin d | ||
| 020 |
_a9788171195466 (hbk) _c200 |
||
| 024 | _a97090 | ||
| 037 |
_b574, 23/03/2009, Vani Prakashan _cTextual |
||
| 040 |
_aCRL _cCRL _bhin |
||
| 041 |
_2hin _ahin |
||
| 082 | _aY73(P15):1, 152N1 | ||
| 100 | _aदुबे, श्याम चरण | ||
| 245 | 0 | _aपरंपरा, इतिहास बोध और संस्कृति | |
| 246 | _aParanparā, itihās bodh aur sanskṛuti | ||
| 260 |
_aनई दिल्ली _bराधाकृष्ण भारत _c1991 |
||
| 300 |
_a166पृ0 _ccm. |
||
| 942 |
_hY73(P15):1, 152N1 _cTEXL _2cc |
||
| 999 |
_c1020591 _d1020591 |
||